00289nam a2200133Ia 4500008004100000041000800041082000800049100001700057245002700074260001400101300000800115365001500123700001700138230612s9999 xx 000 0 und d aeng aSPE aSpencer W.R. aDictionary Of Computer c1986bCBS a393 cRs.b45.00 aSpencer W.R.